| 000 | 00613nam a2200229 a 4500 | ||
|---|---|---|---|
| 003 | MX-MxUPN | ||
| 005 | 20250527063810.0 | ||
| 008 | 991125s1980 mx r 000 0 spa u | ||
| 035 | _aUPN01000052012 | ||
| 040 |
_aMX-MxUPN _bspa _cMX-MxUPN |
||
| 041 | 0 | _aspa | |
| 050 | 1 | 4 |
_aZ662 _bF6 no.10 |
| 041 | 0 | _aspa | |
| 100 | 1 |
_aLicea de Arenas, Judith, _d1940- _928950 |
|
| 245 | 1 | 4 | _aLos resúmenes |
| 260 |
_aMéxico, D.F. : _bUniversidad Autónoma Metropolitana, _c1980 |
||
| 300 | _a8 páginas | ||
| 490 | 0 |
_aSerie folletos ; _v10 |
|
| 650 | 4 |
_aResúmenes _927765 |
|
| 904 |
_aAC _b052014 |
||
| 942 |
_2lcc _cFOLL |
||
| 999 |
_c52012 _d52012 |
||